PMP certification-excl with ease: (Record no. 158171)

MARC details
000 -LEADER
fixed length control field 00658nam a22002057a 4500
005 - DATE AND TIME OF LATEST TRANSACTION
control field 20181018155537.0
010 ## - LCCN (DPL NO)
LC control number ENG-124328
020 ## - INTERNATIONAL STANDARD BOOK NUMBER
International Standard Book Number 9789353064822
Terms of availability 649.00
035 ## - SYSTEM CONTROL NUMBER
System control number EN-107860
037 ## - SOURCE OF ACQUISITION
Source of stock number/acquisition DBAD/PUB
082 ## - DEWEY DECIMAL CLASSIFICATION NUMBER
Classification number 658.404
100 ## - MAIN ENTRY--PERSONAL NAME
Personal name Chandramouli, S.
245 ## - TITLE STATEMENT
Title PMP certification-excl with ease:
Statement of responsibility, etc by S. Chandramouli
Remainder of title based on PMBOK /
250 ## - EDITION STATEMENT
Edition statement 6th ed.
260 ## - PUBLICATION, DISTRIBUTION, ETC. (IMPRINT)
Place of publication, distribution, etc Noida
Name of publisher, distributor, etc Pearson
Date of publication, distribution, etc 2019
270 ## - ADDRESS
Address 15th Floor, Tower B, Worls Trade Tower, Plot No.1, Block -C
City Noida (UP)
Postal code 201301
300 ## - PHYSICAL DESCRIPTION
Extent xxiv, 550p.
Dimensions 24cm.(pbk)
Other physical details ill.
500 ## - GENERAL NOTE
General note It includes key points and index
942 ## - ADDED ENTRY ELEMENTS (KOHA)
Source of classification or shelving scheme Dewey Decimal Classification
Item type English Books
Classification part 658.404
Call number suffix CHA
Holdings
Withdrawn status Lost status Not for loan Collection code Home library Current library Date acquired Source of acquisition Cost, normal purchase price Full call number Barcode Copy number Cost, replacement price Koha item type
    Not For Loan Non-fiction D.B.Act.Division Bawana 18/10/2018 DBAD/PUB 649.00 658.404 CHA EN-107860 1 649.00 English Books

© Delhi Public Library
Hit Counter
free hit counter